| 000 | 00000nam 2200000zi 4500 |
| 001 | 9.941097 |
| 003 | CaOODSP |
| 005 | 20250910140254 |
| 006 | m o d f |
| 007 | cr cn||||||||| |
| 008 | 240726s2022 qucb ob f000 0 fre d |
| 040 | |aCaOODSP|bfre|erda|cCaOODSP |
| 043 | |an-cn---|an-us--- |
| 086 | 1 |aEn4-740/2022F-PDF |
| 245 | 00|aPlan d'urgence bilatéral Canada - États-Unis en cas des pollution des eaux : |bPUB CANUS 2022. |
| 264 | 1|a[Gatineau, Québec] : |b[Environnement et changement climatique Canada = Environment and Climate Change Canada], |c[2022] |
| 300 | |a1 ressource en ligne (iv, 45 pages, 1 page non numérotée) : |bcartes. |
| 336 | |atexte|btxt|2rdacontent/fre |
| 337 | |ainformatique|bc|2rdamedia/fre |
| 338 | |aressource en ligne|bcr|2rdacarrier/fre |
| 500 | |aLe fichier de publication en format PDF a été remplacé le 08-11-2024 à la requête d'Environnement et changement climatique Canada. |
| 500 | |aPublié aussi en anglais sous le titre : Canada - United States joint marine pollution contingency plan: 2022 CANUS JCP. |
| 504 | |aComprend des références bibliographiques (pages 27-28). |
| 650 | 6|aPollution marine|xCoopération internationale. |
| 650 | 6|aGestion des situations d'urgence|zCanada. |
| 650 | 6|aGestion des situations d'urgence|zÉtats-Unis. |
| 710 | 1 |aCanada. |bEnvironnement et changement climatique Canada, |eorganisme de publication. |
| 710 | 2 |aGarde côtière canadienne, |eorganisme de publication. |
| 710 | 1 |aEĢtats-Unis.|bCoast Guard, |eorganisme de publication. |
| 775 | 08|tCanada - United States Joint Marine Pollution Contingency Plan : |w(CaOODSP)9.941082 |
| 856 | 40|qPDF|s1.43 Mo|uhttps://publications.gc.ca/collections/collection_2024/eccc/en4/En4-740-2022-fra.pdf |